| 000 | 00820cam a22002657a 4500 | ||
|---|---|---|---|
| 003 | CHAP | ||
| 005 | 20220329133233.0 | ||
| 008 | 971013s r 00010 d | ||
| 010 | _a3760 | ||
| 011 | _a4732 | ||
| 035 | _a3936 | ||
| 040 | _cCHAP | ||
| 090 | _aR-3236 | ||
| 100 | 0 | 0 |
_aSarma, J. S. _9102642 |
| 245 | 0 |
_aFoodgrain production and consumption _b: targets, achievements and data needs |
|
| 500 | _aSobretiro de: Jorunal of the Indian Society of Agricultural Statistics 41 (1): 1-22, 1989 | ||
| 590 |
_aBATCH-UPD _b10 _c20130110 _lUCH01 _h1408 |
||
| 590 |
_aCONVERSION _b10 _c20130109 _lUCH01 _h1303 |
||
| 650 | 1 | 4 |
_aCereales _xConsumo. _921403 |
| 650 | 1 | 4 |
_aCereales _xIndia. _921426 |
| 650 | 1 | 4 |
_aCereales _xMercadeo. _921435 |
| 901 | _aBK | ||
| 942 | _cREIMP | ||
| 949 |
_aR-3236 _bBC _cR _d-13466 _eTS1 _i3936 _si |
||
| 999 |
_c3760 _d3760 |
||